Statistics for Countries with Most Cities

Click here to take the quiz!

General Stats

  • This quiz has been taken 1,698 times
  • The average score is 15 of 17

Answer Stats

#Country% Correct
101China
100%
52United States
99%
56India
97%
20Brazil
96%
16Russia
96%
10United Kingdom
95%
10Germany
94%
15Mexico
93%
14Japan
92%
15Indonesia
89%
8Canada
85%
9Pakistan
82%
10Nigeria
76%
7Iran
73%
7South Korea
73%
9Turkey
73%
8Colombia
58%

Score Distribution

Percentile by Number Answered

Percent of People with Each Score

Your Score History

You have not taken this quiz